Tous les lauréats du Prix Nobel - Statistiques

Statistiques générales
  • Ce quiz a été pris 77 fois
    16 depuis la dernière actualisation
  • Le résultat moyen est 42 sur 1026
Statistiques - réponses
Catégorie Année Lauréat(s) % Correct
Physique 1903 Marie Curie
91%
Chimie 1911 Marie Curie
91%
Physique 1921 Albert Einstein
82%
Physique 1903 Pierre Curie
82%
Paix 1993 Nelson Mandela
73%
Littérature 1957 Albert Camus
64%
Paix 2009 Barack Obama
64%
Chimie 1935 Frédéric Joliot-Curie
64%
Chimie 1935 Irène Joliot-Curie
64%
Littérature 1964 Jean-Paul Sartre
64%
Physique 1997 Steven Chu
45%
Littérature 1953 Winston Churchill
45%
Littérature 2022 Annie Ernaux
36%
Littérature 2016 Bob Dylan
36%
Paix 1917 Comité International de la Croix-Rouge
36%
Paix 1944 Comité International de la Croix-Rouge
36%
Paix 1963 Comité international de la Croix-Rouge
36%
Physique 1938 Enrico Fermi
36%
Physique 1903 Henri Becquerel
36%
Physique 1944 Isidor Isaac Rabi
36%
Paix 1964 Martin Luther King Jr.
36%
Paix 1979 Mère Teresa
36%
Physique 1922 Niels Bohr
36%
Paix 1994 Yasser Arafat
36%
Physique 1975 Aage Bohr
27%
Physique 2022 Alain Aspect
27%
Littérature 1947 André Gide
27%
Chimie 1952 Archer John Porter Martin
27%
Littérature 1985 Claude Simon
27%
Littérature 1997 Dario Fo
27%
Littérature 1954 Ernest Hemingway
27%
Physiologie ou Médecine 1966 Francis Peyton Rous
27%
Littérature 1904 Frédéric Mistral
27%
Paix 1993 Frederik de Klerk
27%
Littérature 1945 Gabriela Mistral
27%
Économie 1978 Herbert A. Simon
27%
Physiologie ou Médecine 1988 James W. Black
27%
Littérature 2008 J. M. G. Le Clézio
27%
Littérature 1962 John Steinbeck
27%
Littérature 2014 Patrick Modiano
27%
Littérature 1907 Rudyard Kipling
27%
Littérature 1901 Sully Prudhomme
27%
Paix 1906 Theodore Roosevelt
27%
Paix 1965 UNICEF
27%
Paix 2012 Union Européenne
27%
Physique 1901 Wilhelm Röntgen
27%
Chimie 1972 William Howard Stein
27%
Physique 1989 Wolfgang Paul
27%
Paix 1994 Yitzhak Rabin
27%
Chimie 1913 Alfred Werner
18%
Économie 1998 Amartya Sen
18%
Paix 1977 Amnesty International
18%
Littérature 1921 Anatole France
18%
Paix 1975 Andreï Sakharov
18%
Littérature 1958 Boris Pasternak
18%
Physiologie ou Médecine 1913 Charles Richet
18%
Paix 1921 Christian Lous Lange
18%
Littérature 1992 Derek Walcott
18%
Physique 1939 Ernest Lawrence
18%
Chimie 1908 Ernest Rutherford
18%
Physique 1933 Erwin Schrödinger
18%
Économie 2019 Esther Duflo
18%
Littérature 1974 Eyvind Johnson
18%
Littérature 1952 François Mauriac
18%
Littérature 1982 Gabriel García Márquez
18%
Littérature 1927 Henri Bergson
18%
Paix 1901 Henry Dunant
18%
Paix 1973 Henry Kissinger
18%
Chimie 1901 Jacobus Henricus van 't Hoff
18%
Économie 2014 Jean Tirole
18%
Paix 2002 Jimmy Carter
18%
Physiologie ou Médecine 2011 Jules A. Hoffmann
18%
Paix 2001 Kofi Annan
18%
Paix 1973 Lê Đức Thọ
18%
Paix 2014 Malala Yousafzai
18%
Paix 2025 Maria Corina Machado
18%
Physique 1918 Max Planck
18%
Paix 2001 ONU
18%
Littérature 1971 Pablo Neruda
18%
Littérature 1973 Patrick White
18%
Chimie 1980 Paul Berg
18%
Physique 1933 Paul Dirac
18%
Physique 2013 Peter W. Higgs
18%
Économie 2025 Philippe Aghion
18%
Physique 1991 Pierre-Gilles de Gennes
18%
Paix 1968 René Cassin
18%
Chimie 1981 Roald Hoffmann
18%
Littérature 1960 Saint-John Perse
18%
Économie 2024 Simon Johnson
18%
Physique 1932 Werner Heisenberg
18%
Littérature 2021 Abdulrazak Gurnah
9%
Physiologie ou Médecine 1937 Albert Szent-Györgyi
9%
Physiologie ou Médecine 1945 Alexander Fleming
9%
Littérature 1970 Alexandre Soljenitsyne
9%
Physiologie ou Médecine 1912 Alexis Carrel
9%
Paix 1911 Alfred Hermann Fried
9%
Physiologie ou Médecine 1907 Alphonse Laveran
9%
Physiologie ou Médecine 1965 André Michel Lwoff
9%
Physique 2023 Anne L'Huillier
9%
Paix 1978 Anouar el-Sadate
9%
Physiologie ou Médecine 1949 António Egas Moniz
9%
Paix 1926 Aristide Briand
9%
Économie 1979 Arthur Lewis
9%
Physiologie ou Médecine 1982 Bengt I. Samuelsson
9%
Littérature 1950 Bertrand Russell
9%
Physiologie ou Médecine 1906 Camillo Golgi
9%
Physique 1997 Claude Cohen-Tannoudji
9%
Économie 2023 Claudia Goldin
9%
Économie 2002 Daniel Kahneman
9%
Économie 2024 Daron Acemoglu
9%
Physiologie ou Médecine 1956 Dickinson W. Richards
9%
Littérature 2007 Doris Lessing
9%
Physiologie ou Médecine 1992 Edmond H. Fischer
9%
Physiologie ou Médecine 1995 Edward B. Lewis
9%
Littérature 1981 Elias Canetti
9%
Paix 1986 Elie Wiesel
9%
Économie 2009 Elinor Ostrom
9%
Chimie 1902 Emil Fischer
9%
Chimie 2020 Emmanuelle Charpentier
9%
Chimie 1973 Ernst Otto Fischer
9%
Littérature 1936 Eugene O'Neill
9%
Physiologie ou Médecine 1962 Francis Crick
9%
Physiologie ou Médecine 2008 Françoise Barré-Sinoussi
9%
Physiologie ou Médecine 1965 François Jacob
9%
Économie 1985 Franco Modigliani
9%
Paix 1901 Frédéric Passy
9%
Paix 1922 Fridtjof Nansen
9%
Économie 1974 Friedrich Hayek
9%
Physique 1908 Gabriel Lippmann
9%
Littérature 2000 Gao Xingjian
9%
Littérature 1925 George Bernard Shaw
9%
Physique 1937 George Paget Thomson
9%
Littérature 1963 Georges Séféris
9%
Littérature 1912 Gerhart Hauptmann
9%
Paix 2007 Groupe d'experts intergouvernemental sur l'évolution du climat
9%
Physique 1909 Guglielmo Marconi
9%
Littérature 1999 Günter Grass
9%
Physique 1925 Gustav Ludwig Hertz
9%
Littérature 2024 Han Kang
9%
Chimie 1930 Hans Fischer
9%
Littérature 2005 Harold Pinter
9%
Littérature 1972 Heinrich Böll
9%
Physique 1902 Hendrik Lorentz
9%
Littérature 1905 Henryk Sienkiewicz
9%
Chimie 1985 Herbert A. Hauptman
9%
Chimie 1979 Herbert C. Brown
9%
Littérature 1946 Hermann Hesse
9%
Physiologie ou Médecine 1946 Hermann Joseph Muller
9%
Littérature 2009 Herta Müller
9%
Physique 1958 Ilya Frank
9%
Chimie 2004 Irwin Rose
9%
Littérature 1978 Isaac Bashevis Singer
9%
Littérature 1933 Ivan Bounine
9%
Physiologie ou Médecine 1904 Ivan Pavlov
9%
Littérature 1961 Ivo Andrić
9%
Physiologie ou Médecine 1965 Jacques Monod
9%
Physique 1935 James Chadwick
9%
Physiologie ou Médecine 1962 James Dewey Watson
9%
Physique 1925 James Franck
9%
Économie 1977 James Meade
9%
Paix 1931 Jane Addams
9%
Physique 1990 Jerome Isaac Friedman
9%
Littérature 2003 J. M. Coetzee
9%
Chimie 2017 Joachim Frank
9%
Physiologie ou Médecine 1923 John James Rickard Macleod
9%
Littérature 2023 Jon Fosse
9%
Littérature 1904 José de Echegaray
9%
Physique 1906 Joseph John Thomson
9%
Littérature 1998 José Saramago
9%
Littérature 1956 Juan Ramón Jiménez
9%
Physique 1987 Karl Alexander Müller
9%
Littérature 2017 Kazuo Ishiguro
9%
Littérature 1994 Kenzaburō Ōe
9%
Paix 2000 Kim Dae-jung
9%
Littérature 1920 Knut Hamsun
9%
Physiologie ou Médecine 1973 Konrad Lorenz
9%
Littérature 2025 László Krasznahorkai
9%
Économie 1980 Lawrence Klein
9%
Paix 1983 Lech Wałęsa
9%
Paix 1951 Léon Jouhaux
9%
Physiologie ou Médecine 2004 Linda B. Buck
9%
Chimie 1954 Linus Pauling
9%
Paix 1962 Linus Pauling
9%
Paix 2010 Liu Xiaobo
9%
Physique 1904 Lord Rayleigh
9%
Physique 1929 Louis de Broglie
9%
Littérature 2020 Louise Glück
9%
Physique 1970 Louis Néel
9%
Paix 1907 Louis Renault
9%
Physiologie ou Médecine 2008 Luc Montagnier
9%
Littérature 1934 Luigi Pirandello
9%
Littérature 2010 Mario Vargas Llosa
9%
Économie 1988 Maurice Allais
9%
Littérature 1911 Maurice Maeterlinck
9%
Paix 1999 Médecins Sans Frontières
9%
Économie 2001 Michael Spence
9%
Physiologie ou Médecine 1985 Michael Stuart Brown
9%
Physique 2025 Michel Devoret
9%
Littérature 1967 Miguel Ángel Asturias
9%
Littérature 1965 Mikhaïl Cholokhov
9%
Paix 1990 Mikhaïl Gorbachev
9%
Économie 1976 Milton Friedman
9%
Paix 2005 Mohamed ElBaradei
9%
Littérature 2012 Mo Yan
9%
Physique 1969 Murray Gell-Mann
9%
Littérature 1991 Nadine Gordimer
9%
Littérature 1988 Naguib Mahfouz
9%
Paix 2023 Narges Mohammadi
9%
Littérature 1966 Nelly Sachs
9%
Paix 2024 Nihon Hidankyo
9%
Littérature 1990 Octavio Paz
9%
Littérature 2006 Orhan Pamuk
9%
Chimie 1944 Otto Hahn
9%
Physiologie ou Médecine 1936 Otto Loewi
9%
Physique 1948 Patrick Blackett
9%
Paix 1909 Paul Henri Balluet d'Estournelles de Constant
9%
Physiologie ou Médecine 1948 Paul Hermann Müller
9%
Économie 2008 Paul Krugman
9%
Chimie 1912 Paul Sabatier
9%
Économie 1970 Paul Samuelson
9%
Littérature 1938 Pearl S. Buck
9%
Littérature 2019 Peter Handke
9%
Physique 1902 Pieter Zeeman
9%
Paix 2020 Programme alimentaire mondial
9%
Littérature 1913 Rabindranath Tagore
9%
Physique 1965 Richard Feynman
9%
Physiologie ou Médecine 1993 Richard J. Roberts
9%
Économie 1984 Richard Stone
9%
Physiologie ou Médecine 1905 Robert Koch
9%
Littérature 1937 Roger Martin du Gard
9%
Littérature 1915 Romain Rolland
9%
Physiologie ou Médecine 1902 Ronald Ross
9%
Littérature 1908 Rudolf Christoph Eucken
9%
Littérature 1959 Salvatore Quasimodo
9%
Littérature 1969 Samuel Beckett
9%
Physiologie ou Médecine 1906 Santiago Ramón y Cajal
9%
Littérature 1909 Selma Lagerlöf
9%
Littérature 1930 Sinclair Lewis
9%
Physiologie ou Médecine 1986 Stanley Cohen
9%
Littérature 2015 Svetlana Alexievitch
9%
Chimie 1914 Theodore William Richards
9%
Littérature 1902 Theodor Mommsen
9%
Littérature 1929 Thomas Mann
9%
Littérature 1993 Toni Morrison
9%
Physiologie ou Médecine 1981 Torsten Wiesel
9%
Littérature 1948 T. S. Eliot
9%
Littérature 1977 Vicente Aleixandre
9%
Physique 1936 Victor Francis Hess
9%
Littérature 2001 V. S. Naipaul
9%
Physiologie ou Médecine 1949 Walter Rudolf Hess
9%
Littérature 1923 W. B. Yeats
9%
Chimie 1946 Wendell Meredith Stanley
9%
Littérature 1949 William Faulkner
9%
Littérature 1983 William Golding
9%
Physique 1915 William Henry Bragg
9%
Physique 1915 William Lawrence Bragg
9%
Paix 1971 Willy Brandt
9%
Littérature 1996 Wisława Szymborska
9%
Littérature 1986 Wole Soyinka
9%
Physique 1945 Wolfgang Pauli
9%
Littérature 1968 Yasunari Kawabata
9%
Chimie 2004 Aaron Ciechanover
0%
Chimie 1982 Aaron Klug
0%
Physique 1979 Abdus Salam
0%
Économie 2019 Abhijit Banerjee
0%
Paix 2019 Abiy Ahmed
0%
Physique 2011 Adam G. Riess
0%
Chimie 2009 Ada Yonath
0%
Chimie 1939 Adolf Butenandt
0%
Paix 1980 Adolfo Pérez Esquivel
0%
Chimie 1928 Adolf Otto Reinhold Windaus
0%
Chimie 1905 Adolf von Baeyer
0%
Paix 2005 Agence Internationale de l'Énergie Atomique
0%
Chimie 1999 Ahmed Zewail
0%
Chimie 2010 Akira Suzuki
0%
Chimie 2019 Akira Yoshino
0%
Chimie 2000 Alan J. Heeger
0%
Physiologie ou Médecine 1963 Alan Lloyd Hodgkin
0%
Chimie 2000 Alan MacDiarmid
0%
Physique 1907 Albert A. Michelson
0%
Physiologie ou Médecine 1974 Albert Claude
0%
Physique 2007 Albert Fert
0%
Paix 1902 Albert Gobat
0%
Paix 1960 Albert Lutuli
0%
Paix 1952 Albert Schweitzer
0%
Physiologie ou Médecine 1910 Albrecht Kossel
0%
Paix 2022 Alès Bialiatski
0%
Chimie 1957 Alexander Robert Todd
0%
Physique 1964 Alexandre Mikhaïlovitch Prokhorov
0%
Physique 2003 Alexeï Abrikossov
0%
Chimie 2023 Alexeï Iekimov
0%
Paix 1982 Alfonso García Robles
0%
Physiologie ou Médecine 1994 Alfred G. Gilman
0%
Physiologie ou Médecine 1969 Alfred Hershey
0%
Physique 1966 Alfred Kastler
0%
Paix 2007 Al Gore
0%
Littérature 2013 Alice Munro
0%
Physiologie ou Médecine 1979 Allan McLeod Cormack
0%
Physiologie ou Médecine 1911 Allvar Gullstrand
0%
Paix 1982 Alva Myrdal
0%
Économie 2012 Alvin E. Roth
0%
Paix 1947 American Friends Service Committee
0%
Physique 2020 Andrea M. Ghez
0%
Physiologie ou Médecine 1956 André Frédéric Cournand
0%
Physique 2010 Andre Geim
0%
Physiologie ou Médecine 2006 Andrew Fire
0%
Physiologie ou Médecine 1963 Andrew Huxley
0%
Physiologie ou Médecine 1977 Andrew Wiktor Schally
0%
Économie 2015 Angus Deaton
0%
Physique 2003 Anthony James Leggett
0%
Physique 1974 Antony Hewish
0%
Physique 2022 Anton Zeilinger
0%
Physiologie ou Médecine 1922 Archibald Hill
0%
Physiologie ou Médecine 2021 Ardem Patapoutian
0%
Chimie 2013 Arieh Warshel
0%
Chimie 1948 Arne Tiselius
0%
Physique 1978 Arno Allan Penzias
0%
Physique 2018 Arthur Ashkin
0%
Physique 2015 Arthur B. McDonald
0%
Physique 1927 Arthur Compton
0%
Chimie 1929 Arthur Harden
0%
Paix 1934 Arthur Henderson
0%
Physiologie ou Médecine 1959 Arthur Kornberg
0%
Physique 1981 Arthur Leonard Schawlow
0%
Chimie 1945 Artturi Ilmari Virtanen
0%
Physiologie ou Médecine 2000 Arvid Carlsson
0%
Paix 1985 Association internationale des médecins pour la prévention de la guerre nucléaire
0%
Paix 1909 Auguste Marie François Beernaert
0%
Physiologie ou Médecine 1920 August Krogh
0%
Paix 1991 Aung San Suu Kyi
0%
Paix 1925 Austen Chamberlain
0%
Chimie 2004 Avram Hershko
0%
Chimie 2015 Aziz Sancar
0%
Physiologie ou Médecine 1983 Barbara McClintock
0%
Physique 2017 Barry C. Barish
0%
Physiologie ou Médecine 2005 Barry Marshall
0%
Physiologie ou Médecine 1976 Baruch Samuel Blumberg
0%
Physiologie ou Médecine 1980 Baruj Benacerraf
0%
Économie 2022 Ben Bernanke
0%
Chimie 2016 Ben Feringa
0%
Économie 2016 Bengt Holmström
0%
Chimie 2021 Benjamin List
0%
Physique 1975 Ben Roy Mottelson
0%
Physiologie ou Médecine 1970 Bernard Katz
0%
Physiologie ou Médecine 1947 Bernardo Houssay
0%
Paix 1905 Bertha von Suttner
0%
Économie 1977 Bertil Ohlin
0%
Physique 1994 Bertram Brockhouse
0%
Physiologie ou Médecine 1991 Bert Sakmann
0%
Paix 1976 Betty Williams
0%
Littérature 1903 Bjørnstjerne Bjørnson
0%
Physique 1973 Brian David Josephson
0%
Chimie 2012 Brian K. Kobilka
0%
Physique 2011 Brian Schmidt
0%
Physiologie ou Médecine 2011 Bruce Beutler
0%
Paix 1910 Bureau International de la Paix
0%
Physique 1976 Burton Richter
0%
Littérature 1989 Camilo José Cela
0%
Paix 1997 Campagne internationale pour l'interdiction des mines antipersonnel
0%
Chimie 1931 Carl Bosch
0%
Physique 1936 Carl David Anderson
0%
Physiologie ou Médecine 1947 Carl Ferdinand Cori
0%
Physique 1984 Carlo Rubbia
0%
Paix 1996 Carlos Filipe Ximenes Belo
0%
Paix 1936 Carlos Saavedra Lamas
0%
Littérature 1919 Carl Spitteler
0%
Paix 1935 Carl von Ossietzky
0%
Physique 2001 Carl Wieman
0%
Physiologie ou Médecine 2009 Carol W. Greider
0%
Chimie 2022 Carolyn Bertozzi
0%
Physique 1950 Cecil Frank Powell
0%
Paix 2022 Centre pour les libertés civiles
0%
Physiologie ou Médecine 1984 César Milstein
0%
Physiologie ou Médecine 1966 Charles Brenton Huggins
0%
Physique 1920 Charles Édouard Guillaume
0%
Paix 1925 Charles G. Dawes
0%
Physique 1917 Charles Glover Barkla
0%
Physique 1964 Charles Hard Townes
0%
Chimie 1987 Charles J. Pedersen
0%
Physique 2009 Charles K. Kao
0%
Physiologie ou Médecine 2020 Charles M. Rice
0%
Physiologie ou Médecine 1928 Charles Nicolle
0%
Physiologie ou Médecine 1932 Charles Scott Sherrington
0%
Physique 1927 Charles Thomson Rees Wilson
0%
Physique 1957 Chen-Ning Yang
0%
Physiologie ou Médecine 1929 Christiaan Eijkman
0%
Chimie 1972 Christian B. Anfinsen
0%
Physiologie ou Médecine 1974 Christian de Duve
0%
Physiologie ou Médecine 1995 Christiane Nüsslein-Volhard
0%
Économie 2010 Christopher A. Pissarides
0%
Économie 2011 Christopher A. Sims
0%
Physique 1994 Clifford Shull
0%
Physique 1937 Clinton Davisson
0%
Économie 2003 Clive Granger
0%
Paix 1945 Cordell Hull
0%
Physiologie ou Médecine 1938 Corneille Heymans
0%
Physiologie ou Médecine 2006 Craig Mello
0%
Physique 1930 C. V. Raman
0%
Chimie 1956 Cyril Norman Hinshelwood
0%
Littérature 1980 Czesław Miłosz
0%
Paix 1961 Dag Hammarskjöld
0%
Économie 2010 Dale T. Mortensen
0%
Physiologie ou Médecine 1957 Daniel Bovet
0%
Physiologie ou Médecine 1976 Daniel Carleton Gajdusek
0%
Physique 1998 Daniel C. Tsui
0%
Économie 2000 Daniel McFadden
0%
Physiologie ou Médecine 1978 Daniel Nathans
0%
Chimie 2011 Dan Shechtman
0%
Chimie 2024 David Baker
0%
Physiologie ou Médecine 1975 David Baltimore
0%
Économie 2021 David Card
0%
Physique 2004 David Gross
0%
Physiologie ou Médecine 1981 David H. Hubel
0%
Physique 2016 David J. Thouless
0%
Physiologie ou Médecine 2021 David Julius
0%
Physique 2012 David J. Wineland
0%
Chimie 2021 David MacMillan
0%
Physique 1996 David Morris Lee
0%
Paix 1998 David Trimble
0%
Chimie 2024 Demis Hassabis
0%
Paix 2018 Denis Mukwege
0%
Physique 1971 Dennis Gabor
0%
Chimie 1969 Derek Barton
0%
Paix 1984 Desmond Tutu
0%
Physique 2019 Didier Queloz
0%
Paix 2021 Dmitri Mouratov
0%
Paix 1958 Dominique Pire
0%
Physique 1960 Donald A. Glaser
0%
Chimie 1987 Donald J. Cram
0%
Physique 2018 Donna Strickland
0%
Chimie 1964 Dorothy Hodgkin
0%
Économie 2022 Douglas Diamond
0%
Physique 1996 Douglas Osheroff
0%
Économie 1993 Douglass North
0%
Physiologie ou Médecine 2023 Drew Weissman
0%
Chimie 1986 Dudley R. Herschbach
0%
Physique 2016 Duncan Haldane
0%
Physiologie ou Médecine 1971 Earl Wilbur Sutherland Jr.
0%
Physiologie ou Médecine 1932 Edgar Adrian
0%
Économie 2006 Edmund Phelps
0%
Physiologie ou Médecine 1990 E. Donnall Thomas
0%
Chimie 1907 Eduard Buchner
0%
Physiologie ou Médecine 2014 Edvard Moser
0%
Physiologie ou Médecine 1943 Edward Adelbert Doisy
0%
Physiologie ou Médecine 1950 Edward Calvin Kendall
0%
Économie 2004 Edward C. Prescott
0%
Physiologie ou Médecine 1958 Edward Lawrie Tatum
0%
Physique 1952 Edward Mills Purcell
0%
Physique 1947 Edward Victor Appleton
0%
Physiologie ou Médecine 1992 Edwin G. Krebs
0%
Chimie 1951 Edwin McMillan
0%
Chimie 2010 Ei-ichi Negishi
0%
Paix 1974 Eisaku Satō
0%
Littérature 2004 Elfriede Jelinek
0%
Chimie 1990 Elias James Corey
0%
Paix 1902 Élie Ducommun
0%
Paix 1912 Elihu Root
0%
Physiologie ou Médecine 2009 Elizabeth Blackburn
0%
Paix 2011 Ellen Johnson Sirleaf
0%
Physiologie ou Médecine 1901 Emil Adolf von Behring
0%
Physique 1959 Emilio Segrè
0%
Physiologie ou Médecine 1909 Emil Theodor Kocher
0%
Paix 1946 Emily Greene Balch
0%
Physique 2001 Eric Allin Cornell
0%
Chimie 2014 Eric Betzig
0%
Physiologie ou Médecine 1995 Eric F. Wieschaus
0%
Physiologie ou Médecine 2000 Eric Kandel
0%
Économie 2007 Eric Maskin
0%
Littérature 1931 Erik Axel Karlfeldt
0%
Paix 1907 Ernesto Teodoro Moneta
0%
Physique 1951 Ernest Walton
0%
Physiologie ou Médecine 1945 Ernst Chain
0%
Physique 1986 Ernst Ruska
0%
Physiologie ou Médecine 1991 Erwin Neher
0%
Économie 2013 Eugene F. Fama
0%
Physique 1963 Eugene Wigner
0%
Littérature 1975 Eugenio Montale
0%
Paix 1963 Fédération de la Croix-Rouge et du Croissant-Rouge
0%
Physique 1952 Felix Bloch
0%
Physiologie ou Médecine 1964 Feodor Felix Konrad Lynen
0%
Physique 1909 Ferdinand Braun
0%
Paix 1927 Ferdinand Buisson
0%
Physique 2023 Ferenc Krausz
0%
Physiologie ou Médecine 1998 Ferid Murad
0%
Économie 2004 Finn E. Kydland
0%
Paix 1988 Force de maintien de la paix des Nations unies
0%
Chimie 2018 Frances Arnold
0%
Chimie 1922 Francis William Aston
0%
Physique 2013 François Englert
0%
Paix 1929 Frank B. Kellogg
0%
Physiologie ou Médecine 1960 Frank Macfarlane Burnet
0%
Chimie 1995 Frank Sherwood Rowland
0%
Physique 2004 Frank Wilczek
0%
Littérature 1939 Frans Eemil Sillanpää
0%
Physiologie ou Médecine 1923 Frederick Banting
0%
Physiologie ou Médecine 1954 Frederick Chapman Robbins
0%
Physiologie ou Médecine 1929 Frederick Gowland Hopkins
0%
Physique 1995 Frederick Reines
0%
Chimie 1958 Frederick Sanger
0%
Chimie 1980 Frederick Sanger
0%
Chimie 1921 Frederick Soddy
0%
Physique 1953 Frederik Zernike
0%
Physiologie ou Médecine 2025 Fred Ramsdell
0%
Paix 1908 Fredrik Bajer
0%
Chimie 1931 Friedrich Bergius
0%
Paix 1947 Friends Service Council
0%
Physiologie ou Médecine 1953 Fritz Albert Lipmann
0%
Chimie 1918 Fritz Haber
0%
Chimie 1923 Fritz Pregl
0%
Économie 1992 Gary Becker
0%
Physiologie ou Médecine 2024 Gary Ruvkun
0%
Physique 2024 Geoffrey Hinton
0%
Chimie 1973 Geoffrey Wilkinson
0%
Économie 2001 George Akerlof
0%
Chimie 1994 George Andrew Olah
0%
Physiologie ou Médecine 1980 George Davis Snell
0%
Chimie 1943 George de Hevesy
0%
Physiologie ou Médecine 1974 George Emil Palade
0%
Physique 2009 George E. Smith
0%
Physiologie ou Médecine 1988 George H. Hitchings
0%
Paix 1953 George Marshall
0%
Physiologie ou Médecine 1934 George Minot
0%
Chimie 1967 George Porter
0%
Physique 1992 Georges Charpak
0%
Physiologie ou Médecine 1984 Georges J. F. Köhler
0%
Chimie 2018 George Smith
0%
Physique 2006 George Smoot
0%
Économie 1982 George Stigler
0%
Physiologie ou Médecine 1967 George Wald
0%
Physiologie ou Médecine 1958 George Wells Beadle
0%
Physiologie ou Médecine 1934 George Whipple
0%
Physiologie ou Médecine 1961 Georg von Békésy
0%
Chimie 1979 Georg Wittig
0%
Physiologie ou Médecine 1972 Gerald Edelman
0%
Économie 1983 Gérard Debreu
0%
Physique 2018 Gérard Mourou
0%
Physique 1999 Gerard 't Hooft
0%
Physique 1986 Gerd Binnig
0%
Physiologie ou Médecine 1939 Gerhard Domagk
0%
Chimie 2007 Gerhard Ertl
0%
Chimie 1971 Gerhard Herzberg
0%
Physiologie ou Médecine 1988 Gertrude B. Elion
0%
Physiologie ou Médecine 1947 Gerty Cori
0%
Physique 2021 Giorgio Parisi
0%
Littérature 1906 Giosuè Carducci
0%
Chimie 1963 Giulio Natta
0%
Chimie 1951 Glenn T. Seaborg
0%
Physiologie ou Médecine 1979 Godfrey Hounsfield
0%
Paix 2006 Grameen Bank
0%
Littérature 1926 Grazia Deledda
0%
Physiologie ou Médecine 2019 Gregg L. Semenza
0%
Chimie 2018 Gregory Winter
0%
Économie 2021 Guido Imbens
0%
Économie 1974 Gunnar Myrdal
0%
Physiologie ou Médecine 1999 Günter Blobel
0%
Physique 1912 Gustaf Dalén
0%
Paix 1926 Gustav Stresemann
0%
Physiologie ou Médecine 1967 Haldan Keffer Hartline
0%
Littérature 1955 Halldór Laxness
0%
Physiologie ou Médecine 1978 Hamilton O. Smith
0%
Physique 1970 Hannes Alfvén
0%
Physiologie ou Médecine 1953 Hans Adolf Krebs
0%
Physique 1967 Hans Bethe
0%
Physique 1963 Hans Daniel Jensen
0%
Physique 1989 Hans Georg Dehmelt
0%
Physiologie ou Médecine 1935 Hans Spemann
0%
Chimie 1929 Hans von Euler-Chelpin
0%
Physiologie ou Médecine 2008 Harald zur Hausen
0%
Physiologie ou Médecine 1968 Har Gobind Khorana
0%
Physiologie ou Médecine 1989 Harold E. Varmus
0%
Chimie 1996 Harold Kroto
0%
Chimie 1934 Harold Urey
0%
Économie 1990 Harry Markowitz
0%
Littérature 1974 Harry Martinson
0%
Chimie 1988 Hartmut Michel
0%
Physiologie ou Médecine 2020 Harvey J. Alter
0%
Paix 1954 Haut Commissariat des Nations unies pour les réfugiés
0%
Paix 1981 Haut Commissariat des Nations unies pour les réfugiés
0%
Physique 1913 Heike Kamerlingh Onnes
0%
Chimie 1927 Heinrich Otto Wieland
0%
Physique 1986 Heinrich Rohrer
0%
Physiologie ou Médecine 1943 Henrik Dam
0%
Littérature 1917 Henrik Pontoppidan
0%
Paix 1913 Henri La Fontaine
0%
Chimie 1906 Henri Moissan
0%
Physiologie ou Médecine 1936 Henry Hallett Dale
0%
Chimie 1983 Henry Taube
0%
Physique 1990 Henry Way Kendall
0%
Physique 2000 Herbert Kroemer
0%
Physiologie ou Médecine 1944 Herbert Spencer Gasser
0%
Chimie 1953 Hermann Staudinger
0%
Chimie 2000 Hideki Shirakawa
0%
Physique 1949 Hideki Yukawa
0%
Physique 2014 Hiroshi Amano
0%
Paix 1921 Hjalmar Branting
0%
Physique 1998 Horst Ludwig Störmer
0%
Physiologie ou Médecine 1945 Howard Florey
0%
Physiologie ou Médecine 1975 Howard Temin
0%
Physiologie ou Médecine 2002 H. Robert Horvitz
0%
Physique 2004 Hugh David Politzer
0%
Physiologie ou Médecine 1955 Hugo Theorell
0%
Physique 1958 Igor Tamm
0%
Physiologie ou Médecine 1908 Ilya Ilitch Metchnikoff
0%
Chimie 1977 Ilya Prigogine
0%
Littérature 2002 Imre Kertész
0%
Paix 1904 Institut de Droit International
0%
Paix 2017 International Campaign to Abolish Nuclear Weapons
0%
Chimie 1932 Irving Langmuir
0%
Physique 2014 Isamu Akasaki
0%
Physique 1973 Ivar Giaever
0%
Littérature 1922 Jacinto Benavente
0%
Physique 2000 Jack Kilby
0%
Physique 1988 Jack Steinberger
0%
Physiologie ou Médecine 2009 Jack W. Szostak
0%
Chimie 2017 Jacques Dubochet
0%
Physiologie ou Médecine 2018 James Allison
0%
Chimie 1946 James B. Sumner
0%
Physiologie ou Médecine 2013 James E. Rothman
0%
Chimie 2016 James Fraser Stoddart
0%
Économie 2000 James Heckman
0%
Économie 1986 James M. Buchanan
0%
Économie 1996 James Mirrlees
0%
Physique 2019 James Peebles
0%
Physique 1975 James Rainwater
0%
Économie 2024 James Robinson
0%
Économie 1981 James Tobin
0%
Physique 1980 James Watson Cronin
0%
Économie 1969 Jan Tinbergen
0%
Chimie 1959 Jaroslav Heyrovský
0%
Littérature 1984 Jaroslav Seifert
0%
Physique 2000 Jaurès Alferov
0%
Physique 1926 Jean Baptiste Perrin
0%
Physiologie ou Médecine 1980 Jean Dausset
0%
Chimie 1987 Jean-Marie Lehn
0%
Chimie 2016 Jean-Pierre Sauvage
0%
Physiologie ou Médecine 2017 Jeffrey C. Hall
0%
Chimie 2020 Jennifer Doudna
0%
Chimie 1997 Jens Christian Skou
0%
Chimie 1985 Jerome Karle
0%
Physiologie ou Médecine 1989 J. Michael Bishop
0%
Paix 1997 Jody Williams
0%
Économie 2025 Joel Mokyr
0%
Chimie 1988 Johann Deisenhofer
0%
Physique 1910 Johannes Diderik van der Waals
0%
Physiologie ou Médecine 1925 Johannes Fibiger
0%
Physique 1987 Johannes Georg Bednorz
0%
Physique 1919 Johannes Stark
0%
Littérature 1944 Johannes Vilhelm Jensen
0%
Physique 1956 John Bardeen
0%
Physique 1972 John Bardeen
0%
Chimie 2019 John B. Goodenough
0%
Physiologie ou Médecine 2012 John B. Gurdon
0%
Paix 1949 John Boyd Orr
0%
Physiologie ou Médecine 1963 John Carew Eccles
0%
Physique 2025 John Clarke
0%
Physique 2006 John C. Mather
0%
Physique 1951 John Cockcroft
0%
Chimie 1997 John E. Walker
0%
Physique 2022 John F. Clauser
0%
Chimie 2002 John Fenn
0%
Économie 1994 John Forbes Nash
0%
Physiologie ou Médecine 1954 John Franklin Enders
0%
Littérature 1932 John Galsworthy
0%
Économie 1994 John Harsanyi
0%
Physique 1977 John Hasbrouck van Vleck
0%
Économie 1972 John Hicks
0%
Physique 2024 John Hopfield
0%
Chimie 1946 John Howard Northrop
0%
Paix 1998 John Hume
0%
Chimie 1962 John Kendrew
0%
Physique 2005 John L. Hall
0%
Physique 2025 John Martinis
0%
Chimie 2024 John Michael Jumper
0%
Physique 2016 John M. Kosterlitz
0%
Paix 1946 John Mott
0%
Physiologie ou Médecine 2014 John O'Keefe
0%
Chimie 1986 John Polanyi
0%
Chimie 1998 John Pople
0%
Physique 1972 John Robert Schrieffer
0%
Physiologie ou Médecine 2002 John Sulston
0%
Physiologie ou Médecine 1982 John Vane
0%
Chimie 1975 John Warcup Cornforth
0%
Littérature 1987 Joseph Brodsky
0%
Physiologie ou Médecine 1944 Joseph Erlanger
0%
Économie 2001 Joseph E. Stiglitz
0%
Physique 1993 Joseph Hooton Taylor
0%
Physiologie ou Médecine 1985 Joseph L. Goldstein
0%
Physiologie ou Médecine 1990 Joseph Murray
0%
Paix 1996 José Ramos-Horta
0%
Économie 2021 Joshua Angrist
0%
Physiologie ou Médecine 1958 Joshua Lederberg
0%
Paix 1995 Józef Rotblat
0%
Paix 2016 Juan Manuel Santos
0%
Physiologie ou Médecine 1919 Jules Bordet
0%
Physique 1965 Julian Schwinger
0%
Physiologie ou Médecine 1970 Julius Axelrod
0%
Physiologie ou Médecine 1927 Julius Wagner-Jauregg
0%
Paix 2014 Kailash Satyarthi
0%
Physique 1981 Kai Siegbahn
0%
Littérature 1917 Karl Adolph Gjellerup
0%
Chimie 2001 Karl Barry Sharpless
0%
Physiologie ou Médecine 1930 Karl Landsteiner
0%
Physiologie ou Médecine 1973 Karl von Frisch
0%
Chimie 1963 Karl Ziegler
0%
Chimie 1993 Kary Mullis
0%
Physiologie ou Médecine 2023 Katalin Karikó
0%
Chimie 2022 K. Barry Sharpless
0%
Chimie 1981 Ken'ichi Fukui
0%
Économie 1972 Kenneth Arrow
0%
Physique 1982 Kenneth G. Wilson
0%
Physique 2017 Kip Thorne
0%
Paix 1908 Klas Pontus Arnoldson
0%
Physique 2021 Klaus Hasselmann
0%
Physique 1985 Klaus von Klitzing
0%
Chimie 2002 Kōichi Tanaka
0%
Physiologie ou Médecine 1964 Konrad Emil Bloch
0%
Physique 2010 Konstantin Novoselov
0%
Chimie 1950 Kurt Alder
0%
Chimie 2002 Kurt Wüthrich
0%
Chimie 1968 Lars Onsager
0%
Économie 2013 Lars Peter Hansen
0%
Chimie 1939 Lavoslav Ružička
0%
Physiologie ou Médecine 2001 Leland H. Hartwell
0%
Physique 1973 Leo Esaki
0%
Paix 1920 Léon Bourgeois
0%
Économie 2007 Leonid Hurwicz
0%
Économie 1975 Leonid Kantorovitch
0%
Physique 1988 Leon M. Lederman
0%
Physique 1972 Leon Neil Cooper
0%
Paix 1957 Lester B. Pearson
0%
Paix 1937 Le Vicomte Cecil de Chelwood
0%
Physique 1962 Lev Landau
0%
Paix 2011 Leymah Gbowee
0%
Économie 2012 Lloyd S. Shapley
0%
Chimie 2023 Louis E. Brus
0%
Physiologie ou Médecine 1998 Louis Ignarro
0%
Paix 1927 Ludwig Quidde
0%
Chimie 1970 Luis Federico Leloir
0%
Physique 1968 Luis Walter Alvarez
0%
Paix 1976 Mairead Maguire
0%
Physique 2008 Makoto Kobayashi
0%
Chimie 1967 Manfred Eigen
0%
Physique 1924 Manne Siegbahn
0%
Physique 1963 Maria Goeppert-Mayer
0%
Paix 2021 Maria Ressa
0%
Physiologie ou Médecine 2007 Mario Capecchi
0%
Chimie 1995 Mario J. Molina
0%
Physiologie ou Médecine 1968 Marshall Warren Nirenberg
0%
Chimie 2008 Martin Chalfie
0%
Physiologie ou Médecine 2007 Martin Evans
0%
Chimie 2013 Martin Karplus
0%
Physique 1995 Martin Lewis Perl
0%
Physiologie ou Médecine 1994 Martin Rodbell
0%
Physique 1974 Martin Ryle
0%
Physique 1999 Martinus Veltman
0%
Paix 2008 Martti Ahtisaari
0%
Physiologie ou Médecine 2025 Mary Brunkow
0%
Physique 2002 Masatoshi Koshiba
0%
Physiologie ou Médecine 1962 Maurice Wilkins
0%
Physique 1954 Max Born
0%
Physiologie ou Médecine 1969 Max Delbrück
0%
Chimie 1962 Max Perutz
0%
Physiologie ou Médecine 1951 Max Theiler
0%
Physique 1914 Max von Laue
0%
Physiologie ou Médecine 2014 May-Britt Moser
0%
Chimie 1961 Melvin Calvin
0%
Physique 1988 Melvin Schwartz
0%
Paix 2022 Memorial
0%
Paix 1978 Menahem Begin
0%
Économie 1990 Merton Miller
0%
Physiologie ou Médecine 2020 Michael Houghton
0%
Économie 2019 Michael Kremer
0%
Chimie 2013 Michael Levitt
0%
Physiologie ou Médecine 2017 Michael Rosbash
0%
Chimie 1993 Michael Smith
0%
Physiologie ou Médecine 2017 Michael W. Young
0%
Physique 2019 Michel Mayor
0%
Chimie 2022 Morten Meldal
0%
Chimie 2023 Moungi Bawendi
0%
Paix 1995 Mouvement Pugwash
0%
Paix 2006 Muhammad Yunus
0%
Économie 1997 Myron Scholes
0%
Paix 2018 Nadia Murad
0%
Paix 1930 Nathan Söderblom
0%
Physique 1977 Nevill Francis Mott
0%
Paix 1931 Nicholas Murray Butler
0%
Physique 1981 Nicolaas Bloembergen
0%
Physiologie ou Médecine 1984 Niels Kaj Jerne
0%
Physiologie ou Médecine 1903 Niels Ryberg Finsen
0%
Physiologie ou Médecine 1973 Nikolaas Tinbergen
0%
Physique 1964 Nikolaï Bassov
0%
Chimie 1956 Nikolaï Semionov
0%
Paix 1933 Norman Angell
0%
Paix 1970 Norman Borlaug
0%
Physique 1989 Norman Foster Ramsey
0%
Chimie 1937 Norman Haworth
0%
Chimie 1969 Odd Hassel
0%
Littérature 1979 Odysseas Elytis
0%
Paix 1938 Office International Nansen pour les réfugiés
0%
Littérature 2018 Olga Tokarczuk
0%
Économie 2009 Oliver E. Williamson
0%
Économie 2016 Oliver Hart
0%
Physiologie ou Médecine 2007 Oliver Smithies
0%
Chimie 2025 Omar Yaghi
0%
Paix 1969 Organisation Internationale du Travail
0%
Paix 2013 Organisation pour l'interdiction des armes chimiques
0%
Chimie 2008 Osamu Shimomura
0%
Paix 1987 Óscar Arias
0%
Chimie 1950 Otto Diels
0%
Physiologie ou Médecine 1922 Otto Fritz Meyerhof
0%
Physiologie ou Médecine 1931 Otto Heinrich Warburg
0%
Physique 1943 Otto Stern
0%
Chimie 1910 Otto Wallach
0%
Physique 1959 Owen Chamberlain
0%
Physique 1928 Owen Willans Richardson
0%
Littérature 1951 Pär Lagerkvist
0%
Chimie 1997 Paul D. Boyer
0%
Physiologie ou Médecine 1908 Paul Ehrlich
0%
Physiologie ou Médecine 2000 Paul Greengard
0%
Littérature 1910 Paul Heyse
0%
Chimie 1995 Paul J. Crutzen
0%
Chimie 1974 Paul J. Flory
0%
Chimie 1937 Paul Karrer
0%
Physiologie ou Médecine 2003 Paul Lauterbur
0%
Chimie 2015 Paul L. Modrich
0%
Économie 2020 Paul Milgrom
0%
Physiologie ou Médecine 2001 Paul Nurse
0%
Économie 2018 Paul Romer
0%
Physique 1958 Pavel Cherenkov
0%
Physique 1946 Percy Williams Bridgman
0%
Économie 2010 Peter A. Diamond
0%
Chimie 2003 Peter Agre
0%
Physiologie ou Médecine 1996 Peter C. Doherty
0%
Chimie 1936 Peter Debye
0%
Chimie 1978 Peter D. Mitchell
0%
Physique 2007 Peter Grünberg
0%
Économie 2025 Peter Howitt
0%
Physiologie ou Médecine 2019 Peter J. Ratcliffe
0%
Physiologie ou Médecine 2003 Peter Mansfield
0%
Physiologie ou Médecine 1960 Peter Medawar
0%
Économie 2022 Philip Dybvig
0%
Paix 1959 Philip Noel-Baker
0%
Physique 1905 Philipp Lenard
0%
Physiologie ou Médecine 1950 Philip Showalter Hench
0%
Physique 1977 Philip Warren Anderson
0%
Physiologie ou Médecine 1993 Phillip Allen Sharp
0%
Physique 2023 Pierre Agostini
0%
Physique 1978 Piotr Kapitsa
0%
Physique 1955 Polykarp Kusch
0%
Paix 2015 Quartet du dialogue national tunisien
0%
Économie 1969 Ragnar Frisch
0%
Physiologie ou Médecine 1967 Ragnar Granit
0%
Physique 2017 Rainer Weiss
0%
Paix 1950 Ralph Bunche
0%
Physiologie ou Médecine 2011 Ralph M. Steinman
0%
Physiologie ou Médecine 2013 Randy W. Schekman
0%
Physique 2002 Raymond Davis Jr.
0%
Physique 2020 Reinhard Genzel
0%
Économie 1994 Reinhard Selten
0%
Physiologie ou Médecine 1975 Renato Dulbecco
0%
Physique 2002 Riccardo Giacconi
0%
Chimie 1925 Richard Adolf Zsigmondy
0%
Physiologie ou Médecine 2004 Richard Axel
0%
Physique 1990 Richard E. Taylor
0%
Chimie 2010 Richard F. Heck
0%
Chimie 2017 Richard Henderson
0%
Chimie 1938 Richard Kuhn
0%
Chimie 1952 Richard Laurence Millington Synge
0%
Chimie 1991 Richard R. Ernst
0%
Chimie 2025 Richard Robson
0%
Chimie 2005 Richard R. Schrock
0%
Chimie 1996 Richard Smalley
0%
Économie 2017 Richard Thaler
0%
Chimie 1915 Richard Willstätter
0%
Paix 1992 Rigoberta Menchú
0%
Physiologie ou Médecine 1986 Rita Levi-Montalcini
0%
Physique 1923 Robert Andrews Millikan
0%
Économie 2005 Robert Aumann
0%
Physiologie ou Médecine 1914 Robert Bárány
0%
Physique 1998 Robert B. Laughlin
0%
Chimie 1984 Robert Bruce Merrifield
0%
Chimie 1965 Robert Burns Woodward
0%
Économie 2020 Robert B. Wilson
0%
Économie 1997 Robert C. Merton
0%
Physique 1996 Robert Coleman Richardson
0%
Chimie 1996 Robert F. Curl Jr.
0%
Économie 2003 Robert F. Engle
0%
Physiologie ou Médecine 1998 Robert F. Furchgott
0%
Économie 1993 Robert Fogel
0%
Physiologie ou Médecine 2010 Robert G. Edwards
0%
Chimie 2005 Robert H. Grubbs
0%
Physique 1961 Robert Hofstadter
0%
Chimie 1988 Robert Huber
0%
Chimie 2012 Robert J. Lefkowitz
0%
Économie 2013 Robert J. Shiller
0%
Économie 1995 Robert Lucas Jr.
0%
Économie 1999 Robert Mundell
0%
Chimie 1947 Robert Robinson
0%
Chimie 1966 Robert S. Mulliken
0%
Économie 1987 Robert Solow
0%
Physiologie ou Médecine 1968 Robert W. Holley
0%
Physique 1978 Robert Woodrow Wilson
0%
Physiologie ou Médecine 2005 Robin Warren
0%
Chimie 2003 Roderick MacKinnon
0%
Physiologie ou Médecine 1972 Rodney Robert Porter
0%
Chimie 2006 Roger D. Kornberg
0%
Physiologie ou Médecine 1977 Roger Guillemin
0%
Économie 2007 Roger Myerson
0%
Physique 2020 Roger Penrose
0%
Physiologie ou Médecine 1981 Roger Wolcott Sperry
0%
Chimie 2008 Roger Y. Tsien
0%
Physiologie ou Médecine 1996 Rolf M. Zinkernagel
0%
Économie 1991 Ronald Coase
0%
Chimie 1967 Ronald George Wreyford Norrish
0%
Physiologie ou Médecine 1977 Rosalyn Sussman Yalow
0%
Physique 2005 Roy J. Glauber
0%
Physique 1961 Rudolf Mössbauer
0%
Chimie 1992 Rudolph A. Marcus
0%
Physique 1993 Russell Alan Hulse
0%
Chimie 2001 Ryōji Noyori
0%
Physiologie ou Médecine 1969 Salvador Luria
0%
Physique 1976 Samuel C. C. Ting
0%
Physiologie ou Médecine 2015 Satoshi Ōmura
0%
Littérature 1976 Saul Bellow
0%
Physique 2011 Saul Perlmutter
0%
Littérature 1995 Seamus Heaney
0%
Paix 1974 Seán MacBride
0%
Physiologie ou Médecine 1952 Selman Waksman
0%
Physique 2012 Serge Haroche
0%
Physiologie ou Médecine 1959 Severo Ochoa
0%
Physique 1979 Sheldon Lee Glashow
0%
Paix 1994 Shimon Peres
0%
Physiologie ou Médecine 2025 Shimon Sakaguchi
0%
Physiologie ou Médecine 2012 Shinya Yamanaka
0%
Paix 2003 Shirin Ebadi
0%
Littérature 1966 Shmuel Yosef Agnon
0%
Physique 2014 Shuji Nakamura
0%
Chimie 1989 Sidney Altman
0%
Littérature 1928 Sigrid Undset
0%
Économie 1971 Simon Kuznets
0%
Physique 1984 Simon van der Meer
0%
Physique 1965 Sin-Itiro Tomonaga
0%
Chimie 1972 Stanford Moore
0%
Physiologie ou Médecine 1997 Stanley B. Prusiner
0%
Chimie 2019 Stanley Whittingham
0%
Chimie 2014 Stefan Hell
0%
Physique 1979 Steven Weinberg
0%
Physique 1983 Subrahmanyan Chandrasekhar
0%
Physiologie ou Médecine 1982 Sune Bergström
0%
Chimie 2025 Susumu Kitagawa
0%
Physiologie ou Médecine 1987 Susumu Tonegawa
0%
Chimie 1903 Svante Arrhenius
0%
Physiologie ou Médecine 2022 Svante Pääbo
0%
Physiologie ou Médecine 2002 Sydney Brenner
0%
Physique 2021 Syukuro Manabe
0%
Physiologie ou Médecine 1950 Tadeus Reichstein
0%
Physique 2015 Takaaki Kajita
0%
Physiologie ou Médecine 2018 Tasuku Honjo
0%
Paix 2011 Tawakel Karman
0%
Paix 1989 Tenzin Gyatso (14ème Dalai Lama)
0%
Économie 1979 Theodore Schultz
0%
Chimie 1926 Theodor Svedberg
0%
Physique 2005 Theodor W. Hänsch
0%
Chimie 2009 Thomas A. Steitz
0%
Chimie 1989 Thomas Cech
0%
Physiologie ou Médecine 2013 Thomas C. Südhof
0%
Physiologie ou Médecine 1954 Thomas Huckle Weller
0%
Physiologie ou Médecine 1933 Thomas Hunt Morgan
0%
Économie 2011 Thomas J. Sargent
0%
Économie 2005 Thomas Schelling
0%
Physiologie ou Médecine 2001 Tim Hunt
0%
Économie 1975 Tjalling Koopmans
0%
Paix 1911 Tobias Asser
0%
Chimie 2015 Tomas Lindahl
0%
Littérature 2011 Tomas Tranströmer
0%
Physique 2008 Toshihide Maskawa
0%
Économie 1989 Trygve Haavelmo
0%
Physique 1957 Tsung-Dao Lee
0%
Physiologie ou Médecine 2015 Tu Youyou
0%
Physiologie ou Médecine 1970 Ulf von Euler
0%
Physique 1980 Val Logsdon Fitch
0%
Chimie 2009 Venkatraman Ramakrishnan
0%
Littérature 1916 Verner von Heidenstam
0%
Économie 2002 Vernon L. Smith
0%
Physiologie ou Médecine 2024 Victor Ambros
0%
Chimie 1912 Victor Grignard
0%
Chimie 1955 Vincent du Vigneaud
0%
Physique 2003 Vitaly Ginzburg
0%
Chimie 1975 Vladimir Prelog
0%
Chimie 1980 Walter Gilbert
0%
Physique 1956 Walter Houser Brattain
0%
Chimie 1998 Walter Kohn
0%
Physique 1954 Walther Bothe
0%
Chimie 1920 Walther Nernst
0%
Paix 2004 Wangari Maathai
0%
Économie 1973 Wassily Leontief
0%
Physiologie ou Médecine 1978 Werner Arber
0%
Physiologie ou Médecine 1956 Werner Forssmann
0%
Chimie 1909 Wilhelm Ostwald
0%
Physique 1911 Wilhelm Wien
0%
Chimie 1960 Willard Frank Libby
0%
Physique 2009 Willard S. Boyle
0%
Physiologie ou Médecine 1924 Willem Einthoven
0%
Physique 1983 William Alfred Fowler
0%
Physiologie ou Médecine 2015 William C. Campbell
0%
Physique 1997 William Daniel Phillips
0%
Économie 1990 William Forsyth Sharpe
0%
Chimie 1949 William Giauque
0%
Physiologie ou Médecine 2019 William Kaelin Jr.
0%
Chimie 1976 William Lipscomb
0%
Chimie 2014 William Moerner
0%
Physiologie ou Médecine 1934 William Murphy
0%
Économie 2018 William Nordhaus
0%
Chimie 1904 William Ramsay
0%
Paix 1903 WIlliam Randal Cremer
0%
Physique 1956 William Shockley
0%
Chimie 2001 William Standish Knowles
0%
Économie 1996 William Vickrey
0%
Physique 1955 Willis Lamb
0%
Littérature 1924 Władysław Reymont
0%
Physique 2001 Wolfgang Ketterle
0%
Paix 1919 Woodrow Wilson
0%
Physique 2008 Yoichiro Nambu
0%
Physiologie ou Médecine 2016 Yoshinori Ohsumi
0%
Chimie 1986 Yuan T. Lee
0%
Chimie 2005 Yves Chauvin
0%
Aucun quiz correspondant
Distribution des résultats
% des personnes avec chaque résultat
Percentile par nombre de réponses
Votre historique - résultats
Vous n’avez pas pris ce quiz depuis la dernière actualisation